000 00550nam a2200157Ia 4500
003 GCL
008 140319s9999 xx 000 0 ara d
040 _aGCL /
_cGCL
082 0 4 _a819.9
_bع ا
100 1 _aعباس محمود العقاد
245 1 0 _aالاسلام فى القرن العشرين :
_b(حاضره ومستقبله) /
_cعباس محمود العقاد
260 _aالقاهرة :
_bنهضة مصر للطباعة والنشر والتوزيع
300 _a119 ص ؛
_c24 سم
650 0 4 _aالاسلام
942 _2ddc
_cBK
999 _c42777
_d42777